Ministry (Record no. 25085)

MARC details
000 -LEADER
fixed length control field 01605cas a2200385u 4500
003 - CONTROL NUMBER IDENTIFIER
control field AUA.1
005 - DATE AND TIME OF LATEST TRANSACTION
control field 20250610083241.0
008 - FIXED-LENGTH DATA ELEMENTS--GENERAL INFORMATION
fixed length control field 250610 eng
035 ## - SYSTEM CONTROL NUMBER
System control number .b22486379
040 ## - CATALOGING SOURCE
Transcribing agency AUA
050 ## - LIBRARY OF CONGRESS CALL NUMBER
Classification number BX6102
Item number .M56
222 7# - KEY TITLE
Key title Ministry
Qualifying information eJournal Links.
245 10 - TITLE STATEMENT
Title Ministry
Remainder of title International Journal for Pastors
260 ## - PUBLICATION, DISTRIBUTION, ETC. (IMPRINT)
Date of publication, distribution, etc July 2023
Place of publication, distribution, etc Nampa, USA
Name of publisher, distributor, etc Pacific Press
300 ## - PHYSICAL DESCRIPTION
Extent 30p.
Other physical details ill.
440 ## - SERIES STATEMENT/ADDED ENTRY--TITLE
Title Christian Leadership
Volume number/sequential designation Vol.95,No.7
9 (RLIN) 34703
505 ## - FORMATTED CONTENTS NOTE
Formatted contents note Pastoral leadership: A catalyst for whole church ministry
Statement of responsibility Boubakar Sanou
505 ## - FORMATTED CONTENTS NOTE
Formatted contents note The spiritual journey of leadership: A "growth" Framework
Statement of responsibility Randy J. Siebold
505 ## - FORMATTED CONTENTS NOTE
Formatted contents note Shaping the heart of a leader
Statement of responsibility Erich Baumgartner
505 ## - FORMATTED CONTENTS NOTE
Formatted contents note Forgiveness- The core of innovation
Statement of responsibility Karen Tilstra
505 ## - FORMATTED CONTENTS NOTE
Formatted contents note Social change model of leadership development
Statement of responsibility Sung K. Kwon
505 ## - FORMATTED CONTENTS NOTE
Formatted contents note Guest Editorial
Statement of responsibility Randy J. Siebold and Erich Baumgartner
505 ## - FORMATTED CONTENTS NOTE
Formatted contents note Resources
Statement of responsibility Erich Baumgartner
505 ## - FORMATTED CONTENTS NOTE
Formatted contents note Letters
505 ## - FORMATTED CONTENTS NOTE
Formatted contents note Pastor's pastor
Statement of responsibility Ramon J. Canals
505 ## - FORMATTED CONTENTS NOTE
Formatted contents note Dateline
505 ## - FORMATTED CONTENTS NOTE
Formatted contents note Practical pointers
Statement of responsibility Jill Buller
610 20 - SUBJECT ADDED ENTRY--CORPORATE NAME
Corporate name or jurisdiction name as entry element Seventh-day Adventists
General subdivision Clergy
-- Periodicals.
9 (RLIN) 34704
650 #0 - SUBJECT ADDED ENTRY--TOPICAL TERM
Topical term or geographic name as entry element Pastoral theology
General subdivision Seventh-day Adventists
-- Periodicals.
9 (RLIN) 34705
690 ## - LOCAL SUBJECT ADDED ENTRY--TOPICAL TERM (OCLC, RLIN)
Topical term or geographic name as entry element Seventh-day Adventist publications.
9 (RLIN) 34706
700 ## - ADDED ENTRY--PERSONAL NAME
Personal name Pavel Goia
Relator term Editor
9 (RLIN) 34707
710 20 - ADDED ENTRY--CORPORATE NAME
Corporate name or jurisdiction name as entry element General Conference of Seventh-day Adventists.
Subordinate unit Ministerial Association.
9 (RLIN) 34708
856 ## - ELECTRONIC LOCATION AND ACCESS
Uniform Resource Identifier <a href="http://www.ministrymagazine.org/archive">http://www.ministrymagazine.org/archive</a>
Public note Ministry magazine
942 ## - ADDED ENTRY ELEMENTS (KOHA)
Source of classification or shelving scheme Library of Congress Classification
Koha item type Periodical
Classification part BX6102
Item part .M56 2023
Holdings
Withdrawn status Lost status Source of classification or shelving scheme Damaged status Not for loan Collection code Home library Current library Shelving location Date acquired Total Checkouts Full call number Date last seen Price effective from Koha item type Public note
    Library of Congress Classification     EGW Estate Branch Office Judith Thomas Library Judith Thomas Library EGW Estate Branch Office 10/06/2025   BX6102 .M56 2023 10/06/2025 10/06/2025 Periodical July 2023